People's Sexiest Men Quiz Stats

 Plays Quiz Updated Nov 6, 2018

Also try: Men on Playboy
Challenge
Share
Tweet
Embed
Score 0/33 Timer 05:00
4 Plays Today
Year Winner % Correct
1995Brad Pitt
91.7%
2000Brad Pitt
91.7%
1997George Clooney
85.3%
2006George Clooney
85.3%
2007Matt Damon
56%
2003Johnny Depp
50.5%
1990Tom Cruise
49.8%
2012Channing Tatum
46.4%
2018Idris Elba
42.2%
2016Dwayne 'The Rock' Johnson
39.4%
2014Chris Hemsworth
39.2%
2002Ben Affleck
38.2%
2008Hugh Jackman
37.5%
2017Blake Shelton
35%
2015David Beckham
34.5%
2011Bradley Cooper
34.4%
2013Adam Levine
31.8%
Year Winner % Correct
2009Johnny Depp
31.1%
1996Denzel Washington
29.6%
1985Mel Gibson
27.7%
1989Sean Connery
25.2%
1998Harrison Ford
25.1%
1993*Richard Gere (with Cindy Crawford)
21.4%
1999Richard Gere
21.4%
2001Pierce Brosnan
20.4%
2005Matthew McConaughey
18.4%
2004Jude Law
16.6%
1991Patrick Swayze
15.5%
1988John F. Kennedy, Jr.
10%
1986Mark Harmon
8.5%
1992Nick Nolte
8.1%
2010Ryan Reynolds
6.7%
1987Harry Hamlin
5.9%

You're not logged in!

Compare scores with friends on all Sporcle quizzes.
OR
Log In

You Might Also Like...

Show Comments

Extras

Top Quizzes Today


Score Distribution

Your Account Isn't Verified!

In order to create a playlist on Sporcle, you need to verify the email address you used during registration. Go to your Sporcle Settings to finish the process.

Report this User

Report this user for behavior that violates our Community Guidelines.

Details: